[Event "FICGS rapid C 000082 email"]
[Site "FICGS email"]
[Date "2010.02.24"]
[Round "1"]
[White "Cirulis, Ilmars"]
[Black "Zimmermann, Melchior"]
[Result "1-0"]
[WhiteElo "1589"]
[BlackElo "1636"]
[PlyCount "45"]
[EventDate "2010.??.??"]
[EventType "tourn (rapid)"]
[EventRounds "5"]
[SourceTitle "Corr 2013"]
[Source "ChessBase"]
[SourceDate "2012.11.12"]
[SourceVersion "1"]
[SourceVersionDate "2012.11.12"]
[SourceQuality "1"]

1. d4 d5 2. c4 dxc4 3. Nf3 Nf6 4. e3 Bg4 5. Bxc4 e6 6. h3 Bh5 7. Qb3 Bxf3 8. gxf3 Be7 9. Qxb7 Nbd7 10. Rg1 0-0 11. Qc6 e5 12. Nc3 exd4 13. exd4 Re8 14. Be3 Nb6 15. Bb3 Bb4 16. 0-0-0 Qd6 17. Qxd6 cxd6 18. Bg5 Bxc3 19. Bxf6 g6 20. bxc3 Rac8 21. Rge1 Rxc3+ 22. Kd2 Rec8 23. Rc1 1-0

[Event "FICGS class C 000137 email"]
[Site "FICGS email"]
[Date "2010.02.14"]
[Round "1"]
[White "Zimmermann, Melchior"]
[Black "Nizar, Muhammad"]
[Result "0-1"]
[WhiteElo "1636"]
[BlackElo "1799"]
[PlyCount "42"]
[EventDate "2010.??.??"]
[EventType "tourn (corr)"]
[EventRounds "1"]
[SourceTitle "Corr 2013"]
[Source "ChessBase"]
[SourceDate "2012.11.12"]
[SourceVersion "1"]
[SourceVersionDate "2012.11.12"]
[SourceQuality "1"]

1. e4 c5 2. Nf3 d6 3. Nc3 Nc6 4. Bb5 Bd7 5. d4 cxd4 6. Nxd4 Nf6 7. 0-0 g6 8. f4 Bg7 9. Be3 0-0 10. f5 a6 11. Nxc6 bxc6 12. Bd3 Qa5 13. a3 c5 14. Nd5 Nxd5 15. exd5 Bxb2 16. Rb1 Qxa3 17. Bh6 Rfb8 18. fxg6 hxg6 19. Qf3 Bf6 20. Rbe1 Be8 21. Qh3 c4 0-1

[Event "FICGS class C 000137 email"]
[Site "FICGS email"]
[Date "2010.02.14"]
[Round "1"]
[White "Zimmermann, Melchior"]
[Black "Prie, Eric"]
[Result "0-1"]
[WhiteElo "1636"]
[BlackElo "1726"]
[PlyCount "22"]
[EventDate "2010.??.??"]
[EventType "tourn (corr)"]
[EventRounds "1"]
[SourceTitle "Corr 2013"]
[Source "ChessBase"]
[SourceDate "2012.11.12"]
[SourceVersion "1"]
[SourceVersionDate "2012.11.12"]
[SourceQuality "1"]

1. e4 e6 2. Nf3 d5 3. d4 dxe4 4. Nfd2 Qxd4 5. c3 Qe5 6. Bc4 e3 7. Nf3 exf2+ 8. Kxf2 Qc5+ 9. Qd4 Nf6 10. Re1 Nc6 11. Qe3 Ng4+ 0-1

[Event "FICGS theme 0000 email"]
[Site "FICGS email"]
[Date "2009.11.03"]
[Round "1"]
[White "Zimmermann, Melchior"]
[Black "Archer, J Robert"]
[Result "0-1"]
[WhiteElo "1800"]
[BlackElo "1939"]
[PlyCount "32"]
[EventDate "2009.??.??"]
[EventType "swiss (corr)"]
[EventRounds "1"]
[SourceTitle "Corr 2022"]
[Source "ChessBase"]
[SourceDate "2021.10.24"]
[SourceVersion "1"]
[SourceVersionDate "2021.10.24"]
[SourceQuality "1"]

1. e4 c6 2. d4 d5 3. c4 dxe4 4. Nc3 Nf6 5. Bd2 Qxd4 6. Qc2 Qe5 7. 0-0-0 Bf5 8. Be3 e6 9. a3 Bc5 10. Bxc5 Qxc5 11. Be2 Qxf2 12. Nh3 Qxg2 13. Nf4 Qg5 14. Rhf1 Nbd7 15. Kb1 g6 16. Ka1 e5 0-1

[Event "FICGS W-ch st1 g03 email"]
[Site "FICGS email"]
[Date "2009.11.02"]
[Round "1"]
[White "Zimmermann, Melchior"]
[Black "Riha, Josef"]
[Result "0-1"]
[WhiteElo "1800"]
[BlackElo "1968"]
[PlyCount "42"]
[EventDate "2009.??.??"]
[EventType "tourn (corr)"]
[EventRounds "8"]
[SourceTitle "Corr 2022"]
[Source "ChessBase"]
[SourceDate "2021.10.24"]
[SourceVersion "1"]
[SourceVersionDate "2021.10.24"]
[SourceQuality "1"]

1. e4 e5 2. Nf3 Nc6 3. Bc4 Bc5 4. 0-0 Nf6 5. Nc3 d6 6. h3 Be6 7. d3 Bxc4 8. dxc4 h6 9. Nd5 Nxe4 10. Be3 0-0 11. Qd3 f5 12. Rad1 Bxe3 13. fxe3 Ng3 14. Rfe1 e4 15. Qb3 exf3 16. Qxb7 Ne5 17. Nxc7 Ne4 18. Rf1 Qg5 19. Rf2 Nxf2 20. Kxf2 Qxg2+ 21. Ke1 Qe2# 0-1